El costo de ser pobre de tiempo /
Wedi'i Gadw mewn:
| Prif Awdur: | |
|---|---|
| Fformat: | Texto |
| Pynciau: | |
| Tagiau: |
Ychwanegu Tag
Dim Tagiau, Byddwch y cyntaf i dagio'r cofnod hwn!
|
MARC
| LEADER | 00000 a a2200000 04500 | ||
|---|---|---|---|
| 001 | 5372 | ||
| 003 | |||
| 040 | |||
| 100 | |a Damián, Araceli | ||
| 245 | |a El costo de ser pobre de tiempo / |c Araceli Damián | ||
| 650 | |a BIENESTAR SOCIAL | ||
| 650 | |a BIENESTAR DE LA FAMILIA | ||
| 650 | |a SOCIALIZACION | ||
| 650 | |a POBREZA | ||
| 650 | |a INSTRUMENTOS DE MEDICION | ||
| 773 | |g número 334; páginas 48-60 | ||
| 999 | |c 30136 |d 30136 | ||
